5HLuxD.jpg

KING HENRY VIII SENIOR AND PRIMARY SCHOOL LIBRARY OPAC

A little history of literature / (Record no. 400)

000 -LEADER
fixed length control field 00732cam a2200241 a 4500
001 - CONTROL NUMBER
control field .b25258941
003 - CONTROL NUMBER IDENTIFIER
control field OSt
005 - DATE AND TIME OF LATEST TRANSACTION
control field 20190809102208.0
008 - FIXED-LENGTH DATA ELEMENTS--GENERAL INFORMATION
fixed length control field 141021r20142013ctua 001 0 eng
010 ## - LIBRARY OF CONGRESS CONTROL NUMBER
LC control number 2013024200
020 ## - INTERNATIONAL STANDARD BOOK NUMBER
International Standard Book Number 9780300205312
Qualifying information (pbk.) :
040 ## - CATALOGING SOURCE
Original cataloging agency DLC
Language of cataloging eng
Transcribing agency DLC
Description conventions rda
Modifying agency DLC
-- TWWZU
042 ## - AUTHENTICATION CODE
Authentication code nbic
082 0# - DEWEY DECIMAL CLASSIFICATION NUMBER
Classification number 809 SUT
100 1# - MAIN ENTRY--PERSONAL NAME
Personal name Sutherland, John,
Dates associated with a name 1938-
Relator term author
245 12 - TITLE STATEMENT
Title A little history of literature /
Statement of responsibility, etc. John Sutherland.
260 ## - PUBLICATION, DISTRIBUTION, ETC.
Place of publication, distribution, etc. New Haven ;
-- London :
Name of publisher, distributor, etc. Yale University Press,
Date of publication, distribution, etc. 2014, c2013.
300 ## - PHYSICAL DESCRIPTION
Extent vii, 275 p. :
Other physical details ill. ;
Dimensions 22 cm.
500 ## - GENERAL NOTE
General note First published in paperback in 2014.
500 ## - GENERAL NOTE
General note Includes index.
650 #0 - SUBJECT ADDED ENTRY--TOPICAL TERM
Topical term or geographic name entry element Literature
General subdivision History and criticism.
942 ## - ADDED ENTRY ELEMENTS (KOHA)
Source of classification or shelving scheme
Koha item type Books - Non Ficton
Holdings
Withdrawn status Lost status Source of classification or shelving scheme Damaged status Not for loan Collection code Permanent Location Current Location Shelving location Date acquired Total Checkouts Total Renewals Full call number Barcode Date last seen Date last checked out Price effective from Koha item type
          Non-Fiction KH8 Senior School Library KH8 Senior School Library Non Fiction 2019-08-09 2 1 809 SUT 3KHSL000100187 2023-07-04 2023-06-22 2019-08-09 Books - Non Ficton

Powered By KH8 IT Dept